000 01034nam a2200325Ia 4500
005 20220317001806.0
008 170328s2016 c g 000 f s
020 _a9789584247735
020 _a9584247735
041 _aspa
100 1 _aHaruki, Murakami
_d1949-
245 1 0 _aKafka en la orilla
_cHaruki Murakami ; traducción del japonés de Lourdes Porta
250 _a2a. edición
300 _a584 páginas
_c23 cm
490 _aAndanzas
500 _aIncluye datos biográficos del autor en solapa
534 _tUmibe no Kafuka
650 1 4 _2LEMB
_aNovela japonesa
_ySiglo XX
650 1 4 _2LEMB
_aLiteratura japonesa
_ySiglo XX
650 1 4 _2LEMB
_aInfancia en la literatura
650 1 4 _2LEMB
_aFamilia en la literatura
700 1 _aPorta, Lourdes
_etraductora
_990893
942 _2loc
_cBKLIT
264 _aBogotá
_bTusquets
_c2016
336 _atexto
_btxt
_2rdacontent
337 _asin mediación
_bn
_2rdamedia
338 _avolumen
_bnc
_2rdacarrier
040 _aCO-BoRNBP
_bspa
_erda
_cCO-BoRNBP
084 _aN HAR8
999 _c8110
_d8110